Kvapky z perlete výber z franc. poézie od Villona po Valéryho

Bibliographic Details
Main Author: Lukáč, Emil Boleslav, 1900-1979 (Author, Compiler, Translator, Author of introduction, etc.)
Other Authors: Laluha, Milan, 1930-2013 (Illustrator)
Format: Book
Language:Slovak
French
Published: Bratislava Smena 1968
Series:Máj
Subjects:

MARC

LEADER 00000nam a2200000 a 4500
001 vtls008325177
003 SK-MaSNL
005 20260301041901.0
008 230403s1968 xo a 0 1 p slo
015 |a SNBA1968/10-01924 
035 |a SK01SNK19680017394 
035 |a urn:nbn:sk:snk-amlqp5 
035 |a urn:nbn:sk:snk-am00c2ts 
035 |a 9A45EBF6-903D-4310-BBB7-46C8B2BFEA42 
035 |a SKM000019857 
040 |a SNK  |b slo  |c SNK  |e AACR2 
041 1 |a slo  |h fre 
044 |a xo  |c SK 
080 |a 811.133.1-1(082.2)  |2 2001 
100 1 |a Lukáč, Emil Boleslav,  |d 1900-1979  |4 aut  |9 111229 
245 1 0 |a Kvapky z perlete  |b výber z franc. poézie od Villona po Valéryho  |c zost. (z franc. orig.) prel., doslov a životopisné pozn. nap. Emil Boleslav Lukáč ; ilustr. Milan Laluha 
260 |a Bratislava  |b Smena  |c 1968  |e Bratislava  |f Pravda 
300 |a 225, [6] s.  |b Ilustr.  |c 8° 
490 1 |a Máj  |v zv. 114 
500 |a Frontispice 
650 0 7 |a francúzska poézia  |2 SNKPH  |9 1189 
655 7 |a francúzska poézia  |2 SNKPH  |9 70610 
655 7 |a antológie  |2 SNKPH  |9 70414 
700 1 |a Laluha, Milan,  |d 1930-2013  |4 ill  |9 85733 
700 1 |a Lukáč, Emil Boleslav,  |d 1900-1979  |4 com  |4 trl  |4 aui  |9 111229 
830 0 |a Máj  |9 278694 
852 |a Slovenská národná knižnica 
919 |a viaz. 
954 |a beletria cudzojazyčná (svetová)  |2 lita 
958 |a EUIPO 
958 |a OND 
958 |a TL 
958 |a LX 
958 |a UP 
958 |a FR 
958 |a RK 
999 |c 589591  |d 591521 
952 |a SNK  |b SNK  |y PREZ  |7 0  |p 17A0843348  |o snkSD 33911  |i snkKSP 5634/68  |0 0  |1 0  |4 0  |d 2013-08-09  |f 1  |l 0  |r 2026-02-23 15:20:30  |w 2026-02-23 
952 |a SNK  |b SNK  |y VYP  |7 0  |p 17A0166047  |o snkSD 33911 D1  |i snkKSP 5635/68  |0 0  |1 0  |4 0  |d 1998-10-17  |l 0  |r 2005-01-02 00:00:00  |w 2026-02-23